000 01179cab a2200241 4500
001 ABS68399
008 041028n2004 000 0 eng u
035 _a(Sirsi) u127868
100 _aLindsey, S.
245 4 _aThe worm turns in the move towards sustainable progress
260 _c2004
490 _aArchitects' Journal
_v220(12) 30 September 2004, 46(1)
520 _aLooks at the new Sustainable and Secure Buildings Bill, which will extend the purposes for which Building Regulations may be made to include making provision for recycling and composting facilities. Lists some of the new provisions as furthering the protection or enhancement of the environment, facilitating sustainable development and furthering the prevention or detection of crime. Concludes there may be a period of consultation on the form and content of its new regulations.
590 _aABS
650 _aSUSTAINABLE AND SECURE BUILDINGS BILL
650 _aRECYCLING
650 _aCOMPOSTING
650 _aSUSTAINABLE DEVELOPMENT
650 _aBUILDING REGULATIONS
_96224
650 _aCRIME PREVENTION
690 _aENVIRONMENTAL AND LAND CONSULTANCY-WASTE MANAGEMENT
942 _n0
999 _c74586
_d74586